Visualizzazione normale
Vista MARC
- Bernal Palacios, Arturo,
di Personal Name
Records bibliografici associati: 2
001 - CONTROL NUMBER
- control field: 22764
003 - CONTROL NUMBER IDENTIFIER
- control field: IT-RoINE
005 - DATE AND TIME OF LATEST TRANSACTION
- control field: 20160307063813.0
008 - FIXED-LENGTH DATA ELEMENTS
- fixed length control field: 160307|| aca||aabn | a|a d
040 ## - CATALOGING SOURCE
- Original cataloging agency: IT-RoINE
- Transcribing agency: IT-RoINE
100 ## - HEADING--PERSONAL NAME
- Personal name: Bernal Palacios, Arturo,
- Dates associated with a name: O.P.
670 ## - SOURCE DATA FOUND
- Source citation: Work cat.: (IT-RoINE)0: Bernal Palacios, Arturo, O.P., La "concordia vtrivsque ivris" de Pascipoverus /, 1980.